Two Pints of Lager and a Packet of Crisps Characters - Statistics

General Stats
  • This quiz has been taken 89 times
  • The average score is 9 of 20
Answer Stats
Hint Answer % Correct
1. Main man who is a mechanic Gaz Wilkinson
92%
2. Main man who is mostly unemployed Jonny Keogh
91%
3. Main girl who worked in a bucket factory Donna Henshaw
86%
5. Main girl who was a student Louise Brooks
83%
4. Main girl who worked in a bakers Janet Keogh
80%
6. Half brother of #1 Munch Wilkinson
68%
7. Mother of #3 Flo Henshaw
58%
8. Son of #4 Corinthian Keogh
52%
14. Australian man who briefly dated #5 David Fish
44%
9. Man who became the bar manager in the later series Tim Claypole
44%
10. Girl who worked at the bakers with #4 and then in the pub Kelly Crabtree
42%
11. Old man who is a regular at the pub Arthur
38%
15. Barmaid who briefly dated #2 Kate
36%
13. Man from London who becomes boyfriend of #3 Wesley Presley
29%
20. Ex-boyfriend of #4 Andy
27%
16. Sister of #9 Cassie Claypole
21%
12. Brother of #3 who got #5 pregnant Dion
18%
17. Crush of #16 and friend of #1 in Series 9 Billy McCormack
17%
19. Father of #4 Pete Smith
17%
18. Man who has a crush on #9 Leonard
5%
No matching quizzes found
Score Distribution
Percent of People with Each Score
Percentile by Number Answered
Your Score History
You have not taken this quiz